Zabytki Stanów Zjednoczonych #1 - Statystyki

Ogólne statystyki
  • Ten quiz został rozwiązany 30 razy
  • Średni wynik to 9 z 30
Statystyki odpowiedzi
Obiekt Stan % Poprawnych
Golden Gate Bridge Kalifornia
100%
Empire State Building Nowy Jork
100%
Statua Wolności Nowy Jork
80%
Pomnik Waszyngtona Waszyngton/Dystrykt Kolumbii
67%
Denali Alaska
47%
South Beach Floryda
47%
Waikiki Hawaje
47%
Mauna Kea Hawaje
40%
Pike's Peak Kolorado
40%
Dzwon Wolności Pensylwania
40%
Space Needle Waszyngton
33%
Gettysburg Pensylwania
27%
The Alamo Teksas
27%
Krater Meteorytowy Arizona
20%
Cape May Lighthouse New Jersey
20%
Jezioro Kraterowe Oregon
20%
Shoshone Falls Idaho
13%
Co się wydarzyło w Madison County Iowa
13%
General Sherman (drzewo) Kalifornia
13%
Fort Sumter Karolina Południowa
13%
Mesa Verde Kolorado
13%
Mackinac Bridge Michigan
13%
Mount Rainier Waszyngton
13%
Monticello Wirginia
13%
Grand Teton Wyoming
13%
Devils Tower Wyoming
13%
Wall Drug Dakota Południowa
7%
Cloud Gate (fasola) Illinois
7%
Grand Ole Opry House Tennessee
7%
Bonaventure Cemetery Georgia
0%
Nie znaleziono quizów pasujących do podanych kryteriów
Rozkład punktacji
Procent ludzi z każdym wynikiem
Percentyl według liczby udzielonych odpowiedzi
Twoja historia wyników
Nie rozwiązałeś tego quizu